Nie svaly, ale nádor K Medzinárodnému dňu boja proti jadrovým zbraniam

Bibliographic Details
Main Author: Mrocek, T. (Author)
Format: Article
Language:Slovak
Subjects:

MARC

LEADER 00000nab a2200000 a 4500
001 vtls000208680
003 SK-MaSNL
005 20260302203444.0
008 111130c1985 xo 0 slo
015 |a SNBRB19rr/mm-uuuuu 
035 |a CL0218793 
040 |a SNKBUCL  |b slo  |c SNKBUCL  |e AACR2 
041 0 |a slo 
044 |a xo  |c SK 
080 |a 355.02  |2 1981 
100 1 |a Mrocek, T.  |4 aut  |9 921604 
245 1 0 |a Nie svaly, ale nádor  |b K Medzinárodnému dňu boja proti jadrovým zbraniam  |c T. Mrocek 
611 1 7 |a Medzinárodný deň boja proti jadrovým zbraniam  |2 snkbucl  |9 926574 
655 7 |a články z novín a časopisov  |2 snkbucl  |9 267496 
773 0 |t Práca  |g Roč. 40, č. 51 (1. 3. 1985), s. 3 
850 |a Slovenská národná knižnica v Martine  |a MTA001 
852 |a SNK  |b KIS3GCP 
958 |a RK 
992 |a RBX 
999 |c 1469293  |d 1471223